La Serena y alrededores

Na minha lista:
Detalhes bibliográficos
Corporate Authors: TURISCOM (Author), Turismo y Comunicaciones (Author)
Formato: Livro
Idioma:espanhol
Publicado em: Santiago Turiscom 2003
Edição:1a. ed
Colecção:Guía Destino
Assuntos:
Tags: Adicionar Tag
Sem tags, seja o primeiro a adicionar uma tag!

MARC

LEADER 00000nam a2200000 a 4500
001 UCK0434
003 CL-VaPUC
008 041008e20031223CL |||||||||||||||||spa|d
020 |a 9568237437 
082 0 4 |a 918.3204  |b TUR  |2 21 
110 2 |a TURISCOM  |e author  |9 488360 
710 2 |a Turismo y Comunicaciones  |e author  |9 488361 
245 1 0 |a La Serena y alrededores 
250 |a 1a. ed 
300 |a 35 p 
942 |c BK 
945 |d 20041008 00:00:00  |a vberengu 
260 |a Santiago  |b Turiscom  |c 2003 
650 7 |a TURISMO CHILENO  |2 CL-VaPUC  |9 488362 
650 7 |a GUIAS TURISTICAS  |2 CL-VaPUC  |9 346990 
650 0 |a Atractivos turísticos   |9 464852 
651 0 |a La Serena  |9 313924 
651 7 |a CHILE  |2 CL-VaPUC  |9 488364 
651 0 |a Zona norte  |9 319954 
583 |a last modification  |c 20180125 10:58:50  |k Rodrigo Vera 
490 0 |a Guía Destino 
999 |c 310872  |d 310870 
952 |0 0  |1 0  |4 0  |6 918_320400000000000_TUR_2003  |7 0  |8 P  |9 379911  |a BIBARQ  |b BIBARQ  |d 2019-11-21  |i 4069757  |o 918.3204 TUR 2003  |p 4069757  |r 2025-01-20  |w 2019-11-21  |y BK  |k ARQ